Equipe de France de football - Qualifications coupe du monde - Statistiques

Statistiques générales
  • Ce quiz a été pris 211 fois
    196 depuis la dernière actualisation
  • Le résultat moyen est 43 sur 58
Statistiques - réponses
Années Pays % Correct
2014 Espagne
93%
2006 Suisse
91%
1934 Allemagne
89%
1958 Belgique
88%
1982 Belgique
88%
1954 Irlande
88%
1974 Irlande
88%
1978 Irlande
88%
1982 Irlande
88%
2006 Irlande
88%
1982 Pays-Bas
88%
2018 Pays-Bas
88%
1970 Suède
88%
1994 Suède
88%
2018 Suède
88%
2022 Ukraine
85%
1934 Luxembourg
82%
1954 Luxembourg
82%
1966 Luxembourg
82%
1986 Luxembourg
82%
2018 Luxembourg
82%
1966 Norvège
82%
1970 Norvège
82%
1990 Norvège
82%
1962 Finlande
80%
1994 Finlande
80%
2014 Finlande
80%
2022 Finlande
80%
1994 Autriche
78%
2010 Autriche
78%
1962 Bulgarie
78%
1978 Bulgarie
78%
1986 Bulgarie
78%
1994 Bulgarie
78%
2018 Bulgarie
78%
2010 Roumanie
78%
1990 Ecosse
76%
2022 Bosnie-Herzégovine
70%
2010 Lituanie
70%
2010 Serbie
70%
2014 Bielorussie
69%
2018 Biélorussie
69%
1950 Yougoslavie
68%
1966 Yougoslavie
68%
1986 Yougoslavie
68%
1990 Yougoslavie
68%
1958 Islande
66%
1974 URSS
66%
1982 Chypre
61%
1990 Chypre
61%
2006 Chypre
61%
2022 Kazakhstan
53%
2014 Géorgie
51%
1994 Israël
48%
2006 Israël
48%
1986 Allemagne de l'Est
43%
2006 Iles Féroé
34%
2010 Iles Féroé
34%
Aucun quiz correspondant
Distribution des résultats
% des personnes avec chaque résultat
Percentile par nombre de réponses
Votre historique - résultats
Vous n’avez pas pris ce quiz depuis la dernière actualisation